Wszystkie kolory na flagach - Statystyki

Ogólne statystyki
  • Ten quiz został rozwiązany 257 razy
  • Średni wynik to 10 z 26
Statystyki odpowiedzi
Przykładowa flaga Kolor % Poprawnych
Czerwony
83%
Biały
81%
Żółty
73%
Niebieski
70%
Pomarańczowy
69%
Zielony
69%
Granatowy
68%
Czarny
65%
Bordowy
63%
Brązowy
58%
Błękitny
57%
Fioletowy
56%
Złoty
40%
Szkarłatny
38%
Antracytowy
32%
Purpurowy
17%
Karminowy
11%
Srebrny
8%
Szmaragdowy
7%
Pomarańczowy ciemny / rdzawy
2%
Ceglasty
1%
Ochrowy
1%
Zielony ciemny
1%
Niebieski królewski
0%
Żółty cytrynowy
0%
Żółty słoneczny
0%
Nie znaleziono quizów pasujących do podanych kryteriów
Rozkład punktacji
Procent ludzi z każdym wynikiem
Percentyl według liczby udzielonych odpowiedzi
Twoja historia wyników
Nie rozwiązałeś tego quizu